France | Urban Areas ≥500,000 Population 2021 - Statistics

General Stats
  • This quiz has been taken 56 times
  • The average score is 8 of 10
Answer Stats
Pop. Urban Area % Correct
2 1,702,921 Lyon
100%
1 10,896,433 Paris
100%
6 1,008,509 Bordeaux
96%
5 1,058,439 Lille
96%
3 1,625,845 Marseille - Aix-en-Provence
96%
7 962,697 Nice
93%
4 1,063,235 Toulouse
89%
8 677,080 Nantes
87%
9 595,715 Toulon
47%
10 505,839 Douai - Lens
36%
No matching quizzes found
Score Distribution
Percent of People with Each Score
Percentile by Number Answered
Your Score History
You have not taken this quiz